Statistics and data analysis for social science / (Record no. 18997)
[ view plain ]
| 000 -LEADER | |
|---|---|
| fixed length control field | 00959nam a2200289 i 4500 |
| 001 - CONTROL NUMBER | |
| control field | 016602406 |
| 003 - CONTROL NUMBER IDENTIFIER | |
| control field | OSt |
| 005 - DATE AND TIME OF LATEST TRANSACTION | |
| control field | 20201128021219.0 |
| 008 - FIXED-LENGTH DATA ELEMENTS--GENERAL INFORMATION | |
| fixed length control field | 140319t2014 xxka fr 001 0 eng d |
| 020 ## - INTERNATIONAL STANDARD BOOK NUMBER | |
| International Standard Book Number | 9781292041230 (pbk.) |
| 040 ## - CATALOGING SOURCE | |
| Original cataloging agency | StDuBDS |
| Language of cataloging | eng |
| Transcribing agency | StDuBDS |
| Modifying agency | Uk |
| -- | EG-ScBUE |
| 082 00 - DEWEY DECIMAL CLASSIFICATION NUMBER | |
| Classification number | 300.727 |
| Edition number | 22 |
| Item number | KRI |
| 100 1# - MAIN ENTRY--PERSONAL NAME | |
| Personal name | Krieg, Eric J. |
| 9 (RLIN) | 37449 |
| 245 10 - TITLE STATEMENT | |
| Title | Statistics and data analysis for social science / |
| Statement of responsibility, etc | Eric J. Krieg. |
| 250 ## - EDITION STATEMENT | |
| Edition statement | 1st ed., |
| Remainder of edition statement | Pearson new international ed. |
| 260 ## - PUBLICATION, DISTRIBUTION, ETC. (IMPRINT) | |
| Place of publication, distribution, etc | Harlow, United Kingdom : |
| Name of publisher, distributor, etc | Pearson Education Limited, |
| Date of publication, distribution, etc | c.2014. |
| 300 ## - PHYSICAL DESCRIPTION | |
| Extent | ii, 392 p. : |
| Other physical details | ill. (col.) ; |
| Dimensions | 28 cm. |
| 490 0# - Series Statement | |
| Series statement | Pearson custom library |
| 490 0# - Series Statement | |
| Series statement | Always learning |
| 500 ## - GENERAL NOTE | |
| General note | Includes appendixes. |
| 500 ## - GENERAL NOTE | |
| General note | Index : p. 389-392. |
| 650 #0 - SUBJECT ADDED ENTRY--TOPICAL TERM | |
| Topical term or geographic name as entry element | Social sciences |
| General subdivision | Statistical methods |
| 9 (RLIN) | 3257 |
| 650 #0 - SUBJECT ADDED ENTRY--TOPICAL TERM | |
| Topical term or geographic name as entry element | Social sciences |
| General subdivision | Research |
| 9 (RLIN) | 775 |
| 653 ## - INDEX TERM--UNCONTROLLED | |
| Resource For college | BAEPS, Business Administration |
| Arrived date list | February2015 |
| 655 ## - INDEX TERM--GENRE/FORM | |
| Form subdivision | |
| -- | 34232 |
| 942 ## - ADDED ENTRY ELEMENTS (KOHA) | |
| Source of classification or shelving scheme | Dewey Decimal Classification |
| Call number prefix | 300.727 KRI |
| Withdrawn status | Item status | Source of classification or shelving scheme | Damaged status | Not for loan | Vendor | Home library | Current library | Shelving location | Date acquired | Source of acquisition | Cost, normal purchase price | Serial Enumeration / chronology | Total Checkouts | Full call number | Barcode | Date last seen | Cost, replacement price | Koha item type |
|---|---|---|---|---|---|---|---|---|---|---|---|---|---|---|---|---|---|---|
| Dewey Decimal Classification | Baccah | Central Library | Central Library | First floor | 17/02/2015 | 260.00 | 21291 | 300.727 KRI | 000037437 | 15/07/2025 | 325.00 | Book - Borrowing |